Models: representation and the scientific understanding
Saved in:
| Hovedforfatter: | |
|---|---|
| Format: | Bog |
| Sprog: | engelsk |
| Udgivet: |
Dordrecht
D. Reidel
1979
|
| Serier: | Synthese Library, 129
Boston Studies in the Philosophy of Science, 48 |
| Fag: | |
| Tags: |
Tilføj Tag
Ingen Tags, Vær først til at tagge denne postø!
|
MARC
| LEADER | 00000nam a2200000 a 4500 | ||
|---|---|---|---|
| 001 | UCZ5689 | ||
| 003 | CL-VaPUC | ||
| 008 | 951124e19790000NE |||||||||||||||||eng|d | ||
| 082 | 0 | 4 | |a 501 |b WAR |2 21 |
| 100 | 0 | |a Wartofsky, Marx W |e author |9 349841 | |
| 245 | 1 | 0 | |a Models: representation and the scientific understanding |
| 300 | |a 390 p | ||
| 942 | |c BK | ||
| 945 | |d 19951124 00:00:00 |a cmena | ||
| 260 | |a Dordrecht |b D. Reidel |c 1979 | ||
| 600 | 0 | 7 | |a SPINOZA, BENEDICTUS DE |2 CL-VaPUC |9 319727 |
| 600 | 0 | |a Hume, David |d 1711-1776 |9 319329 | |
| 650 | 0 | |a Filosofía de las ciencias |9 256466 | |
| 650 | 0 | |a Ciencia |9 255691 | |
| 650 | 0 | |a Métodos de investigación |9 262618 | |
| 650 | 0 | |a Epistemología |9 264994 | |
| 650 | 0 | |a Metafísica |9 265649 | |
| 650 | 0 | |a Ontología |9 256850 | |
| 650 | 0 | |a Percepción |9 266750 | |
| 650 | 0 | |a Artes |9 268202 | |
| 583 | |a last modification |c 20130411 10:18:29 |k Rodrigo Vera | ||
| 490 | 0 | |a Synthese Library, 129 | |
| 490 | 0 | |a Boston Studies in the Philosophy of Science, 48 | |
| 999 | |c 241979 |d 241977 | ||
| 952 | |0 0 |1 0 |4 0 |6 501_000000000000000_WAR_1979 |7 0 |8 P |9 254633 |a BIBEDU |b BIBEDU |c BIBEDU_PB |d 2019-11-19 |i 1579932 |o 501 WAR 1979 |p 1579932 |r 2024-01-25 |w 2019-11-19 |y BK |k FIL | ||